| 000 | 00000nam 2200000zi 4500 |
| 001 | 9.908404 |
| 003 | CaOODSP |
| 005 | 20221107181641 |
| 006 | m o d f |
| 007 | cr mn||||||||| |
| 008 | 220223t20222022nfca ob f000 0 eng d |
| 020 | |a9780660421872 |
| 040 | |aCaOODSP|beng|erda|cCaOODSP |
| 041 | 0 |aeng|beng|bfre |
| 086 | 1 |aFs97-6/3465E-PDF |
| 100 | 1 |aBanoub, Joseph H., |eauthor. |
| 245 | 10|aProteomic technology applications for fisheries research / |cby Joseph Banoub, Trevena Youssef, Abanoub Mikhael. |
| 264 | 1|aSt. John's, NL, Canada : |bScience Branch, Newfoundland and Labrador Region, Fisheries and Oceans Canada, Northwest Atlantic Fisheries Centre, |c2022. |
| 264 | 4|c©2022 |
| 300 | |a1 online resource (xi, 668 pages) : |billustrations (some colour). |
| 336 | |atext|btxt|2rdacontent |
| 337 | |acomputer|bc|2rdamedia |
| 338 | |aonline resource|bcr|2rdacarrier |
| 490 | 1 |aCanadian technical report of fisheries and aquatic sciences, |x1488-5379 ; |v3465 |
| 504 | |aIncludes bibliographical references (pages 314-374). |
| 546 | |aIncludes abstracts in English and French. |
| 650 | 0|aFishes|xMolecular genetics|xResearch. |
| 650 | 0|aShellfish|xMolecular genetics|xResearch. |
| 650 | 0|aProteomics. |
| 650 | 6|aPoissons|xGénétique moléculaire|xRecherche. |
| 650 | 6|aMollusques|xGénétique moléculaire|xRecherche. |
| 650 | 6|aCrustacés|xGénétique moléculaire|xRecherche. |
| 650 | 6|aProtéomique. |
| 710 | 1 |aCanada. |bDepartment of Fisheries and Oceans, |eissuing body. |
| 710 | 2 |aNorthwest Atlantic Fisheries Centre (Canada), |eissuing body. |
| 775 | 08|tApplications de la technologie protéomique pour la recherche halieutique.|w(CaOODSP)9.908405 |
| 830 | #0|aCanadian technical report of fisheries and aquatic sciences ;|v3465.|w(CaOODSP)9.504449 |
| 856 | 40|qPDF|s15.12 MB|uhttps://publications.gc.ca/collections/collection_2022/mpo-dfo/Fs97-6-3465-eng.pdf |